MARC

LEADER 00000nam0a2200000 4500
001 25852
005 20231030201216.0
010 |a 5756702342 
035 |a (RuTPU)RU\TPU\book\26090 
035 |a BOOK00026165 
090 |a 25852 
100 |a 20011209d2000 km y0rusy50 ca 
101 1 |a rus  |c eng 
102 |a RU 
105 |a y z 001zy 
200 1 |a Человек и ситуация  |e пер. с англ.  |f Л. Росс, Р. Э. Нисбетт 
210 |a Москва  |c Аспект Пресс  |d 2000 
215 |a 429 с. 
320 |a Библиогр.: с. 390-413. 
517 1 |a Уроки социальной психологии 
610 1 |a психология 
610 1 |a социальная психология 
610 1 |a личность 
610 1 |a человек 
610 1 |a поведение 
610 1 |a социальный опыт 
610 1 |a культура 
686 |a Ю952  |v LBC/SL-A  |2 rubbk 
700 1 |a Росс  |b Л.  |g Ли 
701 1 |a Нисбетт  |b Р. Э.  |g Ричард Э. 
801 0 |a RU  |b 63413507  |c 20011209  |g PSBO 
801 2 |a RU  |b 63413507  |c 20120504  |g PSBO 
900 |a Психология 
942 |c BK